Так велика моя любовь. Кн. 1 (Запись № 6334319)

Подробности
000 -МАРКЕР
контрольное поле 00891nam2a22002291 4500
001 - ИДЕНТИФИКАТОР ЗАПИСИ
контрольное поле rc\17933
005 - ИДЕНТИФИКАТОР ВЕРСИИ
контрольное поле 20250620115506.0
010 ## - МЕЖДУНАРОДНЫЙ СТАНДАРТНЫЙ НОМЕР КНИГИ (ISBN)
Номер (ISBN) 5-86394-040-9
035 ## - ДРУГИЕ СИСТЕМНЫЕ НОМЕРА
Идентификатор записи (NLR Aleph) 005305665
100 ## - ДАННЫЕ ОБЩЕЙ ОБРАБОТКИ
Данные общей обработки 20021204d1994 |||y0rusy50 ca
101 0# - ЯЗЫК РЕСУРСА
Язык текста, звукозаписи и т.д. русский
102 ## - СТРАНА ПУБЛИКАЦИИ ИЛИ ПРОИЗВОДСТВА
Страна публикации Российская Федерация
105 ## - ПОЛЕ КОДИРОВАННЫХ ДАННЫХ: ТЕКСТОВЫЕ МАТЕРИАЛЫ, МОНОГРАФИЧЕСКИЕ
Кодированные данные о монографическом текстовом документе y |||||||||
200 0# - ЗАГЛАВИЕ И СВЕДЕНИЯ ОБ ОТВЕТСТВЕННОСТИ
Основное заглавие Кн. 1
215 ## - ФИЗИЧЕСКАЯ ХАРАКТЕРИСТИКА
Специфическое обозначение материала и объем 318, [1] с.
461 #0 - УРОВЕНЬ НАБОРА
Встроенное поле 001rc\17932
-- 2001#$aТак велика моя любовь$e[Роман$eВ 2 кн.]$fКетлин Вудивисс$gПер. с англ. М. Павлычевой$vКн. 1
-- 700#1$aВудивисс$bК.$gКетлин
Системный номер (АБИС) связанной записи 6334313
Автор Вудивисс, К.
Место публикации М.
Дата публикации 1994
Первые сведения об ответственности Кетлин Вудивисс
Имя издателя, распространителя и т.д. Авангард
Сведения, относящиеся к заглавию [Роман : В 2 кн.]
Заглавие Так велика моя любовь
Номер тома Кн. 1
801 #0 - ИСТОЧНИК ЗАПИСИ
Страна Российская Федерация
Организация NLR
Правила каталогизации psbo
801 #1 - ИСТОЧНИК ЗАПИСИ
Страна Российская Федерация
Организация ELAR
Источник данных rusmarc
852 ## - МЕСТОНАХОЖДЕНИЕ И ШИФР ХРАНЕНИЯ
Идентификатор организации NLR
Шифр хранения (Call Number) 94-2/547
942 ## - ДОПОЛНИТЕЛЬНЫЕ ЭЛЕМЕНТЫ ЗАПИСИ (АБИС)
Тип экземпляра АБИС Книга
980 ## - КОЛЛЕКЦИЯ
Название коллекции Национальная библиография
Экземпляры
Тип экземпляра Дата поступления Библиотека постоянного хранения Библиотека текущего хранения Место хранения Шифр хранения Штрих-код Статус экземпляра
Книга 26.10.2013 РНБ (Московский) РНБ (Московский) Русский книжный фонд: издания с 1957 года 94-2/547 5305665-10